Rýchla rota 24 strán rozprávky na čítanie a počúvanie Prípad uneseného vajíčka

Bibliographic Details
Main Author: Disney, Walt, 1901-1966 (Author)
Other Authors: Šebo, Milan, 1954- (Translator)
Format: Book
Language:Slovak
English
PhysicalDescription:26 s. 18 cm
Published: Bratislava Egmont ČSFR 1991
ISBN:8071340731
Edition:1. vyd.
Series:Veselé čítanie s kazetou
Subjects:

MARC

LEADER 00000nam a2200000 a 4500
001 vtls001066997
003 SK-MaSNL
005 20260302030536.0
008 240315s1991 xo 0 slo
015 |a SNBA1992/02 
020 |a 8071340731 
035 |a SNK000009827 
040 |a SNK  |b slo  |c SNK  |e AACR2 
041 1 |a slo  |h eng 
044 |a xo  |c SK 
080 |a 820 (73)-3(087.5)  |2 1981 
080 |a 74  |2 1981 
100 1 |a Disney, Walt,  |d 1901-1966  |4 aut  |9 228783 
245 1 0 |a Rýchla rota  |p Prípad uneseného vajíčka  |b 24 strán rozprávky na čítanie a počúvanie  |c Walt Disney ; Milan Šebo 
246 3 0 |a Prípad uneseného vajíčka 
250 |a 1. vyd. 
260 |a Bratislava  |b Egmont ČSFR  |c 1991  |e Roskilde, Dánsko  |f Fair Print 
300 |a 26 s.  |c 18 cm 
490 1 |a Veselé čítanie s kazetou 
500 |a Prílohou knihy je magnetofónová kazeta 
655 7 |a americké rozprávky  |2 SNKPH  |9 82283 
655 7 |a autorské rozprávky  |2 SNKPH  |9 70727 
655 7 |a literatúra pre deti  |2 SNKPH  |9 87135 
700 1 |a Šebo, Milan,  |d 1954-  |4 trl  |9 239688 
830 0 |a Veselé čítanie s kazetou  |9 375648 
919 |a 80-7134-073-1 
958 |a LX 
958 |a TL 
958 |a UP 
999 |c 1047876  |d 1049806 
952 |t P60, <04>, [BOOK], {605}  |a SNK  |b SNK  |y VYP  |7 0  |p 17A0148327  |o snkSB 48988 D1  |0 0  |1 0  |4 0  |d 1998-07-10  |l 0  |r 2004-12-31 00:00:00  |w 2026-02-24 
952 |t P60, <05>, [BOOK], {605}  |a SNK  |b SNK  |y PREZ  |7 0  |p 17A0148326  |o snkSB 48988 D1 príl.  |0 0  |1 0  |4 0  |d 1998-07-10  |l 0  |r 2004-12-31 00:00:00  |w 2026-02-24 
952 |a SNK  |b SNK  |y PREZ  |7 0  |p 17A0801520  |o snkSB 48988+pril.  |0 0  |1 0  |4 0  |d 2012-07-12  |l 0  |r 2026-02-24 14:46:11  |w 2026-02-24